|
|
|
|
| LEADER |
00729nam a2200205Ia 4500 |
| 008 |
240830s9999 xx 000 0 und d |
| 040 |
|
|
|a BIBLIOTECA-RUPAP Mon 693.852 D214
|
| 041 |
|
|
|a spa
|
| 082 |
|
|
|a Mon 693.852 D214
|
| 100 |
1 |
|
|a Darce Rivera, Henry
|
| 245 |
1 |
0 |
|a Aplicación del método dinámico de análisis modal como un criterio para la recuperación estructural del edificio La Protectora
|
| 260 |
|
|
|a Managua
|b Universidad Nacional Autónoma de Nicaragua (UNAN)
|c 1978
|
| 300 |
|
|
|a 275 p. :il.
|
| 502 |
|
|
|a Tesis (Ingeniero Civil)- UNI, 1978.
|
| 650 |
7 |
|
|a CONSTRUCCIÓN ANTISÍSMICA
|
| 650 |
7 |
|
|b EDIFICIOS-RESTAURACIÓN
|
| 700 |
1 |
|
|a Tutor:
|b D'Arce V., Emilio
|
| 942 |
|
|
|c BK
|2 ddc
|
| 991 |
|
|
|a TESIS
|
| 999 |
|
|
|c 17917
|